000 00654nam a2200241Ia 4500
003 OSt
005 20220918220720.0
006 a|||||r|||| 00| 0
007 ta
008 220917b |||||||| |||| 00| 0 eng d
024 _a146,822
037 _cTextual
040 _aARTS
_cARTS
_beng
041 _2eng
_aeng
082 _aY1:322, K6-;1
100 _aWhiting W M
_9138120
245 0 _aField guide for a study of socialization
260 _aNA
_bNA
_c1966
490 _aSix culture : Studies of child rearing series; 1
650 _aSOCIOLOGY
942 _hY1:322, K6-;1
_cTEXL
_2CC
999 _c269578
_d269578